|
|
|
|
| LEADER |
00000nam a22000007a 4500 |
| 005 |
20201030121432.0 |
| 007 |
cr|||| |||| |
| 008 |
201030c20009999ie fr|w s|||| 0|||b1eng d |
| 035 |
|
|
|a 32087
|
| 040 |
|
|
|a vLex
|
| 090 |
|
|
|c 10824
|d 10824
|
| 245 |
0 |
0 |
|a Irish Judicial Studies Journal
|h [Recurso electrn̤ico] /
|
| 256 |
|
|
|a Servicio en ln̕ea
|
| 300 |
|
|
|a 1 recurso electrn̤ico
|
| 310 |
|
|
|a Semestral
|
| 362 |
|
|
|a Nð 1-1 (Ene. 2001) -
|
| 506 |
1 |
|
|a Disponible solo en los productos indicados
|d vLex Global
|d vLex Global (Academic Edition, excluding Law Schools)
|d vLex Global (U.S. Academic Edition, Law Schools)
|d vLex Global (U.S. Academic Edition, excluding Law Schools)
|d vLex Global (Academic Edition, Law Schools)
|
| 650 |
0 |
4 |
|a Derecho Constitucional
|z Irlanda
|
| 650 |
0 |
4 |
|a Derecho Procesal
|z Irlanda
|
| 740 |
0 |
|
|a vLex Revistas (Servicio en ln̕ea)
|
| 856 |
4 |
0 |
|u http://vlex.com/source/irish-judicial-studies-journal-32087
|z Acceso restringido
|
| 942 |
|
|
|c REV
|
| 999 |
0 |
|
|a Constitutional Law
|
| 999 |
0 |
|
|a Procedural Law
|